US Presidents General Knowledge - Statistics

General Stats
  • This quiz has been taken 33 times
  • The average score is 47 of 64
Answer Stats
Question Tile Select % Correct
Who was a Republican Barack Obama No
100%
Who was a Republican Andrew Jackson No
95%
Who was a Republican George W. Bush Yes
95%
Who was a Republican James Monroe No
95%
Who was a Republican Woodrow Wilson No
95%
Who was a Republican Abraham Lincon Yes
91%
Challenge: Which ONE, had two different Vice Presidents? Barack Obama No
91%
Challenge: Which ONE, had two different Vice Presidents? Chester Alan Arthur No
91%
Who was a Republican Franklin D. Roosevelt No
91%
Challenge: Which ONE, had two different Vice Presidents? George Washington No
91%
Who was a Republican Jimmy Carter No
91%
Challenge: Which ONE, had two different Vice Presidents? Jimmy Carter No
91%
Challenge: Which ONE, had two different Vice Presidents? John F. Kennedy No
91%
Who was a Republican Ronald Reagan Yes
91%
Who was a Republican Andrew Johnson No
86%
Challenge: Which ONE, had two different Vice Presidents? Andrew Johnson No
86%
Who lost a run for president before or after becoming one (in the general election). Barack Obama No
86%
Served for only 4 years Barack Obama No
86%
Who lost a run for president before or after becoming one (in the general election). Bill Clinton No
86%
Who lost a run for president before or after becoming one (in the general election). Dwight Eisenhower No
86%
Served for only 4 years Franklin D. Roosevelt No
86%
Who lost a run for president before or after becoming one (in the general election). George Washington No
86%
Challenge: Which ONE, had two different Vice Presidents? Gerald Ford No
86%
Challenge: Which ONE, had two different Vice Presidents? Harry S. Truman No
86%
Challenge: Which ONE, had two different Vice Presidents? James A. Garfield No
86%
Challenge: Which ONE, had two different Vice Presidents? John Adams No
86%
Who lost a run for president before or after becoming one (in the general election). John F. Kennedy No
86%
Served for only 4 years Ronald Reagan No
86%
Challenge: Which ONE, had two different Vice Presidents? Ronald Reagan No
86%
Who was a Republican Grover Cleveland No
82%
Who lost a run for president before or after becoming one (in the general election). Harry S. Truman No
82%
Challenge: Which ONE, had two different Vice Presidents? James Monroe No
82%
Challenge: Which ONE, had two different Vice Presidents? Lyndon B. Johnson No
82%
Served for only 4 years Thomas Jefferson No
82%
Who was a Republican Gerald Ford Yes
77%
Who was a Republican Herbert Hoover Yes
77%
Who lost a run for president before or after becoming one (in the general election). James K. Polk No
77%
Served for only 4 years Jiimmy Carter Yes
77%
Who was a Republican Theodore Roosevelt Yes
77%
Who was a Republican Warren G. Harding Yes
77%
Served for only 4 years James A. Garfield No
73%
Who lost a run for president before or after becoming one (in the general election). John Tyler No
73%
Who lost a run for president before or after becoming one (in the general election). Franklin Pierce No
68%
Served for only 4 years Millard Filmore No
68%
Served for only 4 years Warren G. Harding No
68%
Challenge: Which ONE, had two different Vice Presidents? Abraham Lincoln No
59%
Challenge: Which ONE, had two different Vice Presidents? Franklin D. Roosevelt No
59%
Who lost a run for president before or after becoming one (in the general election). George H. W. Bush Yes
59%
Served for only 4 years James Buchanan Yes
59%
Who lost a run for president before or after becoming one (in the general election). Richard M. Nixon Yes
59%
Who lost a run for president before or after becoming one (in the general election). Gerald Ford Yes
55%
Served for only 4 years Herbert Hoover Yes
55%
Served for only 4 years Andrew Johnson No
50%
Who lost a run for president before or after becoming one (in the general election). Jimmy Carter Yes
50%
Served for only 4 years Franklin Pierce Yes
45%
Who lost a run for president before or after becoming one (in the general election). Herbert Hoover Yes
45%
Served for only 4 years John Adams Yes
45%
Served for only 4 years Benjamin Harrison Yes
41%
Who was a Republican Chester Alan Arthur Yes
41%
Served for only 4 years James K. Polk Yes
36%
Who lost a run for president before or after becoming one (in the general election). John Q. Adams Yes
36%
Served for only 4 years John Q. Adams Yes
36%
Who lost a run for president before or after becoming one (in the general election). Millard Fillmore Yes
27%
Challenge: Which ONE, had two different Vice Presidents? It's a trick question Yes
18%
No matching quizzes found
Score Distribution
Percent of People with Each Score
Percentile by Number Answered
Your Score History
You have not taken this quiz